Teoría del cuento: tres ensayos
Guardat en:
| Autor principal: | |
|---|---|
| Format: | Llibre |
| Idioma: | Undetermined |
| Publicat: |
Caracas, Venezuela
Universidad de los Andes
1967
|
| Matèries: | |
| Etiquetes: |
Afegir etiqueta
Sense etiquetes, Sigues el primer a etiquetar aquest registre!
|
MARC
| LEADER | 00000nam a2200000Ia 4500 | ||
|---|---|---|---|
| 008 | 170316s9999 xx 000 0 und d | ||
| 090 | |a 801 B-21t | ||
| 100 | |a Bosch, Juan | ||
| 245 | |a Teoría del cuento: tres ensayos | ||
| 260 | |a Caracas, Venezuela | ||
| 260 | |b Universidad de los Andes | ||
| 260 | |c 1967 | ||
| 300 | |a 28 páginas | ||
| 650 | |a TEORÍA LITERARIA | ||
| 650 | |a ENSAYOS | ||
| 650 | |a CUENTO | ||
| 650 | |a TEORÍA | ||
| 650 | |a FORMA | ||
| 999 | |c 20073 |d 20073 | ||
| 040 | |a cru BVZT | ||
| 942 | |c 15 D |h 801 B-21t |2 z | ||
